Možnosti degradácie a detekcie vybraných typov mikropolutantov v odpadových vodách pomocou elektrochemických postupov

Saved in:
Bibliographic Details
Main Author: Mičiaková, Jasmína (Author)
Other Authors: Mackuľak, Tomáš (Thesis advisor)
Format: Manuscript Book
Language:Slovak
Published: 2020
Subjects:
Online Access:http://is.stuba.sk/zp/portal_zp.pl?podrobnosti=144953
Tags: Add Tag
No Tags, Be the first to tag this record!

MARC

LEADER 00000ntm a22000003a 4500
001 stuzp80050
003 SK-STU
005 20200718211826.3
007 ta
008 150427s2015----xo-----f-mn---000-0-slo-d
040 |a STU  |b slo 
041 0 |a slo 
100 1 |a Mičiaková, Jasmína  |u 046290  |k Z4  |4 aut  |U FCHPT Ústav chemického a environmentálneho inžinierstva  |T FCHPT Oddelenie environmentálneho inžinierstva  |X 93482  |U C6290  |Y 120  |7 93482 
242 0 1 |a Possibilities of degradation and detection of selected types of micropolutants in wastewater using electrochemical methods  |y eng 
245 1 0 |a Možnosti degradácie a detekcie vybraných typov mikropolutantov v odpadových vodách pomocou elektrochemických postupov 
260 |c 2020 
650 4 |a BDD  |2 slo 
650 4 |a Čistenie odpadových vôd  |2 slo 
650 4 |a Mikropolutanty  |2 slo 
650 4 |a Detekcia  |2 slo 
650 4 |a Degradácia  |2 slo 
650 4 |a Elektrochemické postupy  |2 slo 
650 4 |a Micropollutants  |2 eng 
650 4 |a Wastewater treatment  |2 eng 
650 4 |a Detection  |2 eng 
650 4 |a Degradation  |2 eng 
650 4 |a Electrochemical processes  |2 eng 
650 4 |a BDD  |2 eng 
700 1 |a Mackuľak, Tomáš  |u 046290  |k Z1  |4 ths  |U FCHPT Ústav chemického a environmentálneho inžinierstva  |T FCHPT Oddelenie environmentálneho inžinierstva  |X 25433  |U C6290  |Y 120  |7 A000025433 
856 4 |u http://is.stuba.sk/zp/portal_zp.pl?podrobnosti=144953